the grudge - Olivia Rodrigo - Statistics

General Stats
  • This quiz has been taken 55 times
  • The average score is 335 of 391
Answer Stats
Hint Answer % Correct
Outro | Verse 1 I
100%
in
100%
In
100%
that
100%
a
98%
be
98%
it
98%
It
98%
you
98%
You
98%
and
95%
And
95%
call
95%
do
95%
ever
95%
every
95%
everything
95%
Friday
95%
May
95%
my
95%
My
95%
on
95%
the
95%
Verse 2 The
95%
to
95%
your
95%
about
93%
betrayed
93%
changed
93%
did
93%
entire
93%
from
93%
have
93%
I'm
93%
love
93%
One
93%
scream
93%
think
93%
Trust
93%
try
93%
we
93%
why
93%
world
93%
But
90%
but
90%
could
90%
damage
90%
grudge
90%
hear
90%
How
90%
like
90%
nightmares
90%
phone
90%
still
90%
things
90%
time
90%
week
90%
when
90%
anybody
88%
between
88%
can't
88%
car
88%
crushed
88%
depends
88%
easily?
88%
fine
88%
fingers
88%
go
88%
hold
88%
know
88%
life
88%
loved
88%
not
88%
so
88%
Took
88%
tough
88%
voice
88%
wanna
88%
was
88%
care
85%
confusion
85%
don't
85%
each
85%
enough
85%
let
85%
'bout
83%
detail
83%
doubt
83%
for
83%
I've
83%
lingers
83%
me
83%
tried
83%
feel
80%
long
80%
takes
80%
undying
80%
forgive
78%
say
78%
strong
78%
bed
76%
onto
76%
now
73%
alone
71%
make
71%
mirror
71%
strength
71%
all
68%
all?
68%
arguements
68%
before
68%
head
68%
Yeah
68%
you're
68%
fuckin'
66%
guilty
66%
little
66%
shower
66%
this
66%
against
63%
fantasize
63%
heart
63%
sorry
63%
won
63%
blood
61%
both
61%
hurt
61%
never
61%
people
61%
were
61%
cuts
59%
drew
59%
equal
59%
man
59%
mean
59%
those
59%
deserved
56%
must
56%
understand
56%
unhappy
56%
would
56%
insecure
54%
Bridge Ooh
54%
want
51%
filled
49%
vitriol
49%
watch
49%
with
49%
flowers
46%
up
46%
built
44%
fall
44%
guess
44%
that's
44%
there
44%
after
41%
even
41%
more
41%
yet
39%
sure
37%
quite
32%
No matching quizzes found
Score Distribution
Percent of People with Each Score
Percentile by Number Answered
Your Score History
You have not taken this quiz